LEADER 00962nam0 22002531i 450 001 UON00099893 005 20231205102548.352 100 $a20020107d1974 |0itac50 ba 101 $alat 102 $aDE 105 $a|||| ||||| 200 1 $aSatyricon. Tomus primus. tomus secondus$fGaius Titus Petronius Arbiter$gcurante Petro Burmanno 210 $aHildesheim$aNew York$cOlms$d1974 215 $a2 v.$d25 cm 620 $aUS$dNew York$3UONL000050 620 $aDE$dHildesheim$3UONL000317 700 0$aPETRONIUS Arbiter$3UONV057667$0444742 702 1$aBURMANNO$bPetro$3UONV064835 801 $aIT$bSOL$c20240220$gRICA 899 $aSIBA - SISTEMA BIBLIOTECARIO DI ATENEO$2UONSI 912 $aUON00099893 950 $aSIBA - SISTEMA BIBLIOTECARIO DI ATENEO$dSI P 3 041 001 002 $eSI MC 5557 5 002 996 $aSatyricon. Tomus primus. tomus secondus$91309829 997 $aUNIOR